Tajomstvo obchodu s literatúrou

Marketing a reklama ako fenomény predaja. Tajomstvo knižného biznisu. Užitočnosť a poznanie ukryté v knihách. Najcennejšie hodnoty v živote človeka. Prieskumy čitateľnosti a vzťah ku knihám. Warren Buffett z USA a jeho čitateľská záľuba. Poznanie ako duševné bohatstvo.

Salvato in:
Dettagli Bibliografici
Autore principale: Burák, Emil
Natura: Capitolo di libro
Lingua:slovacco
Soggetti:
Tags: Aggiungi Tag
Nessun Tag, puoi essere il primo ad aggiungerne!!

MARC

LEADER 00000naa$a2200000$$$4500
001 0111585
005 20231006123735.4
041 0 |a slo 
044 |a SK 
245 1 0 |a Tajomstvo obchodu s literatúrou  |c Emil Burák 
520 |a Marketing a reklama ako fenomény predaja. Tajomstvo knižného biznisu. Užitočnosť a poznanie ukryté v knihách. Najcennejšie hodnoty v živote človeka. Prieskumy čitateľnosti a vzťah ku knihám. Warren Buffett z USA a jeho čitateľská záľuba. Poznanie ako duševné bohatstvo. 
610 2 0 |a marketing 
610 2 0 |a knihy 
610 2 0 |a reklama 
610 2 0 |a obchod knižný 
610 2 0 |a nakladateľstvá 
610 2 0 |a zdroje informácií 
610 2 0 |a knižnice 
610 2 0 |a osveta 
100 1 |a Burák, Emil